Labour Market Developments in Visegrad Countries
Vplyv ekonomického vývoja na vývoj na trhu práce. Zameranie na nezamestnanosť mladých a dlhodobo nezamestnaných. Potenciál zelených pracovných pozícií. Opatrenia krajín V4 pre zefektívnenie trhu práce a tvorbu pracovných miest.
Salvato in:
| Autore principale: | |
|---|---|
| Natura: | Capitolo di libro |
| Lingua: | inglese |
| Soggetti: | |
| Tags: |
Nessun Tag, puoi essere il primo ad aggiungerne!!
|
MARC
| LEADER | 00000nla a2200000 4500 | ||
|---|---|---|---|
| 001 | 0210321 | ||
| 005 | 20250210095338.8 | ||
| 041 | 0 | |a eng | |
| 044 | |a CZ | ||
| 245 | 1 | 0 | |a Labour Market Developments in Visegrad Countries |c Roman Klimko |
| 520 | |a Vplyv ekonomického vývoja na vývoj na trhu práce. Zameranie na nezamestnanosť mladých a dlhodobo nezamestnaných. Potenciál zelených pracovných pozícií. Opatrenia krajín V4 pre zefektívnenie trhu práce a tvorbu pracovných miest. | ||
| 610 | 2 | 0 | |a Vyšehradská štvorka |
| 610 | 2 | 0 | |a trh práce |
| 610 | 2 | 0 | |a nezamestnanosť |
| 100 | 1 | |a Klimko, Roman, 1985- | |